书目信息 |
| 题名: |
操作系统原理与应用
|
|
| 作者: | 王育勤 主编 | |
| 分册: | ||
| 出版信息: | 北京 清华大学出版社 2019.08 |
|
| 页数: | 273页 | |
| 开本: | 26cm | |
| 丛书名: | ||
| 单 册: | ||
| 中图分类: | TP316.7 | |
| 科图分类: | ||
| 主题词: | 操作系统--cao zuo xi tong--高等学校--教材 | |
| 电子资源: | ||
| ISBN: | 978-7-302-53529-4 | |
| 000 | 01197nam0 2200253 450 | |
| 001 | 0109110224 | |
| 005 | 20201109145233.63 | |
| 010 | @a978-7-302-53529-4@dCNY49.00 | |
| 100 | @a20200408e20202019em y0chiy50 ea | |
| 101 | 0 | @achi |
| 102 | @aCN@b110000 | |
| 105 | @aak z 000yy | |
| 106 | @ar | |
| 200 | 1 | @a操作系统原理与应用@Acao zuo xi tong yuan li yu ying yong@f王育勤主编 |
| 205 | @a2版 | |
| 210 | @a北京@c清华大学出版社@d2019.08@h2020.08 | |
| 215 | @a273页@c图@d26cm | |
| 300 | @a高等院校“十三五”应用技能培养规划教材·移动应用开发系列 | |
| 330 | @a本教材重点讲述了操作系统的一般性原理和实施技术。注重在理论上力求系统、完整,尽量体现当代的先进研究成果。在讲授方法上,注重理论与实际的结合,特别是以当代最流行的UNIX操作系统为实例,介绍了操作系统中主要服务功能的实施技术和技巧。在内容安排上,注意由浅入深,由一般到具体,先介绍操作系统的概念和服务功能,然后一一讲述这些功能的实现算法,并在最后以Windows操作系统为基础,讨论了Windows系统的安装、常用命令及其网络与通信,以其加强实践性环节。 | |
| 606 | 0 | @a操作系统@Acao zuo xi tong@x高等学校@j教材 |
| 690 | @aTP316.7@v5 | |
| 701 | 0 | @a王育勤@Awang yo qin@4主编 |
| 801 | 0 | @aCN@bBJSZM@c20201103 |
| 905 | @b1241039-42@dTP316.7@e1011=2@f4 | |
| 操作系统原理与应用/王育勤主编.-2版.-北京:清华大学出版社,2019.08(2020.08) |
| 273页:图;26cm |
| 高等院校“十三五”应用技能培养规划教材·移动应用开发系列 |
| ISBN 978-7-302-53529-4:CNY49.00 |
| 本教材重点讲述了操作系统的一般性原理和实施技术。注重在理论上力求系统、完整,尽量体现当代的先进研究成果。在讲授方法上,注重理论与实际的结合,特别是以当代最流行的UNIX操作系统为实例,介绍了操作系统中主要服务功能的实施技术和技巧。在内容安排上,注意由浅入深,由一般到具体,先介绍操作系统的概念和服务功能,然后一一讲述这些功能的实现算法,并在最后以Windows操作系统为基础,讨论了Windows系统的安装、常用命令及其网络与通信,以其加强实践性环节。 |
| ● |
| 相关链接 |
|
|
|
|
正题名:操作系统原理与应用
索取号:TP316.7/1011=2
 
预约/预借
| 序号 | 登录号 | 条形码 | 馆藏地/架位号 | 状态 | 备注 |
| 1 | 1241039 | 212410390 | 第二样本阅览室/ [索取号:TP316.7/1011=2] | 在馆 | |
| 2 | 1241040 | 212410407 | 第三借阅区/ [索取号:TP316.7/1011=2] | 在馆 | |
| 3 | 1241041 | 212410416 | 第三借阅区/ [索取号:TP316.7/1011=2] | 在馆 | |
| 4 | 1241042 | 212410425 | 第三借阅区/ [索取号:TP316.7/1011=2] | 在馆 |